| 000 | 00391nam a2200133Ia 4500 | ||
|---|---|---|---|
| 008 | 231129s9999||||xx |||||||||||||| ||spa|| | ||
| 020 | _a978-958-8736-40-2 | ||
| 040 | _bspa | ||
| 082 | _a340.16 C317c | ||
| 100 | _aCarrillo de la Rosa Yezid | ||
| 245 | 0 | _aCientificidad y racionalidad en la ciencia jurídica | |
| 264 | _aUniversitaria | ||
| 942 |
_2ddc _cBKS |
||
| 999 |
_c6981 _d6981 |
||